01081nam a2200229 i 450000100060000000300090000600500170001500700030003200800410003504000200007610000360009624501270013226000640025930000220032350000400034560000490038585200250043485200800045999900170053995201470055695201480070354043ES-MaACL20230906162901.0t|960711s1876 xxu ||||1| spa d aCAM bspa cCAM1 aFerrer de Couto, José.95045313aLa verdad b: [defensa propia contra un libelo infamatorio publicado por D. Enrique Muñiz] / c[José Ferrer de Couto]. aNueva York : b[s.n.], c1876 (fimprenta de "El cronista") a102 p. ; c22 cm. aEl autor consta al final del texto.14aMuñiz, Enrique. tNuestra defensa.9159447 aES-MaACLjT-376-F-21 aES-MaACLjT-206-F-7 z.- Enc. en un vol. facticio falto de la cub. original c54043d54043 001040708Colección_de_folletosaATENEOMbATENEOMcDEPOFd2008-01-17eSCl0oT-206-F-7p1056798r2023-02-23 00:00:00w2023-02-23yFOLLETOS 001040708Colección_de_folletosaATENEOMbATENEOMcDEPOFd2008-01-17eSCl0oT-376-F-21p1056797r2023-02-23 00:00:00w2023-02-23yFOLLETOS